|
|
|
|
| LEADER |
00000nam0a2200000 4500 |
| 001 |
180896 |
| 005 |
20231101223601.0 |
| 035 |
|
|
|a (RuTPU)RU\TPU\book\196104
|
| 090 |
|
|
|a 180896
|
| 100 |
|
|
|a 20100528d2010 k y0rusy50 ca
|
| 101 |
0 |
|
|a rus
|
| 102 |
|
|
|a RU
|
| 105 |
|
|
|a a dm 001zy
|
| 200 |
1 |
|
|a Типоморфизм породообразующих минералов как показатель эволюции расплава и физико-химических условий образования гранитоидов Колывань-Томской складчатой зоны
|e автореферат диссертации на соискание ученой степени кандидата геолого-минералогических наук
|e спец. 25.00.05
|f Т. С. Небера
|g Томский государственный университет (ТГУ) ; науч. рук. С. И. Коноваленко
|
| 210 |
|
|
|a Томск
|d 2010
|
| 215 |
|
|
|a 23 с.
|c ил.
|
| 300 |
|
|
|a Защита сост. 19.05.2010 г.
|
| 320 |
|
|
|a Библиогр.: с. 21-23 (21 назв.).
|
| 452 |
|
1 |
|0 (RuTPU)RU\TPU\book\200030
|t Типоморфизм породообразующих минералов как показатель эволюции расплава и физико-химических условий образования гранитоидов Колывань-Томской складчатой зоны
|o автореферат диссертации на соискание ученой степени кандидата геолого-минералогических наук
|o спец. 25.00.05
|f Т. С. Небера
|g Томский государственный университет (ТГУ) ; науч. рук. С. И. Коноваленко
|c Томск
|d 2010
|a Небера, Татьяна Степановна
|
| 606 |
1 |
|
|a Гранитоиды
|x Происхождение
|2 stltpush
|3 (RuTPU)RU\TPU\subj\8547
|9 35939
|
| 610 |
1 |
|
|a породообразующие материалы
|
| 610 |
1 |
|
|a полевые шпаты
|
| 610 |
1 |
|
|a люминесцентные характеристики
|
| 610 |
1 |
|
|a структурное состояние
|
| 610 |
1 |
|
|a физико-химические условия
|
| 610 |
1 |
|
|a образование
|
| 610 |
1 |
|
|a Колывань-Томская складчатая зона
|
| 610 |
1 |
|
|a авторефераты диссертаций
|
| 675 |
|
|
|a 552.321.1/.3(04)
|v 3
|
| 686 |
|
|
|a 25.00.05
|2 oksvnk
|
| 700 |
|
1 |
|a Небера
|b Т. С.
|g Татьяна Степановна
|
| 702 |
|
1 |
|a Коноваленко
|b С. И.
|g Сергей Иванович
|4 727
|
| 712 |
0 |
2 |
|a Томский государственный университет (ТГУ)
|2 stltpush
|3 (RuTPU)RU\TPU\col\397
|
| 801 |
|
1 |
|a RU
|b 63413507
|c 20100528
|
| 801 |
|
2 |
|a RU
|b 63413507
|c 20100909
|g RCR
|
| 942 |
|
|
|c BK
|